| 000 | 00883 a2200229 4500 | ||
|---|---|---|---|
| 008 | 240605b mp ||||| |||| 00| 0 mon d | ||
| 020 | _a978-99962-0-018-2 | ||
| 035 | _a2679 | ||
| 040 |
_aHE0623081 _bmon _cMN-UlNLM _dMN-UlNLM _erda |
||
| 041 | _amon | ||
| 042 | _a13921 | ||
| 084 |
_2NNA _a84(2орос)-44 _bТ.619 |
||
| 100 | _aТронина Т. | ||
| 245 | 0 | _aЭэжээ би нэг Хөвгүүнд хайртай | |
| 264 |
_aУБ. _bМонсудар _c2009 |
||
| 300 | _a208х. | ||
| 336 |
_2rdacontent _atext _btxt |
||
| 337 |
_2rdamedia _aunmediated _bn |
||
| 338 |
_2rdacarrier _avolume _bnc |
||
| 650 | _aРимма охин,түүний найз хөвгүүн Егор нарын дурлал шохоорхол,тэдний үерхэл нөхөрлөлд хандах эцэг эхийнх нь хандлагын тухай өгүүлэх... | ||
| 942 |
_2NNA _cBK |
||
| 999 |
_c875199 _d875256 |
||